| 000 | 00948cam a22002775a 4500 | ||
|---|---|---|---|
| 999 |
_c27310 _d27281 |
||
| 001 | 20305802 | ||
| 005 | 20190326125043.0 | ||
| 008 | 180124t2018 enka frb 001 0 eng d | ||
| 010 | _a 2018932698 | ||
| 020 | _a9781781956021 (hardback : alk. paper) | ||
| 040 |
_aDLC _beng _cDLC _dEG-ScBUE |
||
| 082 | 0 | 4 |
_a340.11 _bDNE _222 |
| 100 | 1 | _aDnes, Antony William. | |
| 245 | 1 | 0 |
_aPrinciples of law and economics / _cAntony William Dnes. |
| 250 | _a3rd ed. | ||
| 260 |
_aCheltenham, UK : _bEdward Elgar Publishing, _cc.2018. |
||
| 263 | _a1807 | ||
| 300 |
_axix, 334 p. : _bill. ; _c24 cm. |
||
| 504 | _aIncludes bibliographical references and index. | ||
| 520 | _aPrinciples of Law and Economics, Third Edition provides a comprehensive yet accessible guide to the field of law and economics. | ||
| 650 | 7 |
_aLaw and economics _vTextbooks. _2BUEsh |
|
| 651 | _2BUEsh | ||
| 653 |
_bBUSECO _cMarch2019 |
||
| 655 | _vText book | ||
| 942 | _2ddc | ||